书目信息 |
| 题名: |
C语言贯通教程---C、C++、VisualC++及Windows应用程序
|
|
| 作者: | 史斌星 , 史佳 编著 | |
| 分册: | ||
| 出版信息: | 北京 清华大学出版社 2001.8 |
|
| 页数: | 464页 | |
| 开本: | 26cm | |
| 丛书名: | ||
| 单 册: | ||
| 中图分类: | TP312 | |
| 科图分类: | ||
| 主题词: | 软件 | |
| 电子资源: | ||
| ISBN: | 7-900635-85-8 | |
| 000 | 00684nam0 2200205 45 | |
| 001 | 0239319665 | |
| 005 | 2002052010551923 | |
| 010 | @a7-900635-85-8@dRMB 46.00 | |
| 100 | @a20020520d2001 km y0chiy0120 ea | |
| 101 | 0 | @achi |
| 102 | @aCN@b110000 | |
| 200 | 1 | @aC语言贯通教程---C、C++、VisualC++及Windows应用程序@AC Yu Yan Guan Tong Jiao Cheng---C、C++、VisualC++Ji Windows Ying Yong Cheng Xu@f史斌星,史佳编著@FShi Bin Xing,Shi Jia Bian Zhu |
| 210 | @a北京@c清华大学出版社@d2001.8 | |
| 215 | @a464页@d26cm | |
| 606 | 0 | @a软件 |
| 690 | @aTP312@v3 | |
| 701 | 0 | @a史斌星@AShi Bin Xing@4编著 |
| 701 | 0 | @a史佳@AShi Jia@4编著 |
| 801 | 0 | @aCN@bPFT@c20020520 |
| 905 | @a安徽大学@dTP312@eS573 | |
| C语言贯通教程---C、C++、VisualC++及Windows应用程序/史斌星,史佳编著.-北京:清华大学出版社,2001.8 |
| 464页;26cm |
| ISBN 7-900635-85-8:RMB 46.00 |
| ● |
| 相关链接 |
|
|
|
正题名:C语言贯通教程---C、C++、VisualC++及Windo
索取号:TP312/S573
 
预约/预借
| 序号 | 登录号 | 条形码 | 馆藏地/架位号 | 状态 | 备注 |
| 1 | 354519 | 203545191 | 期刊室512/301自科库 46排1列1层/ [索取号:TP312/S573] | 在馆 | |
| 2 | 354520 | 203545208 | 期刊室512/301自科库 46排1列1层/ [索取号:TP312/S573] | 在馆 |